000 00714nam a22001577a 4500
003 OSt
005 20151106135803.0
008 151106b xxu||||| |||| 00| 0 eng d
040 _cRUA
082 _aFOR BUN 2000 B126 Or.1
100 _93445
_aBUN, SOTHY.
245 _aStudy of the government's measures in order to eliminate forestry anarchy activities, ការសិក្សាធំពីវិធានការរបស់រាជរដ្ឋាភិបាលក្នុងការលុបបំបាត់សកម្មភាពអនាធិបតេយ្យក្នុងវិស័យព្រៃឈើ
260 _aPhnom Penh
_bRUA
_c2000
300 _a58p.
_bill.
_c29cm.
942 _2ddc
_cFOR
999 _c3214
_d3214